000 00429nam a22001697a 4500
999 _c11751
_d11751
003 OSt
008 230127b ||||| |||| 00| 0 eng d
020 _a9789352861763
082 _a658.4033 ASB
100 _aASLLANI,Arben
245 _aBusiness Analytics with management Science Models and Methods
250 _a1st IMP
260 _aUP
_bPearson
_c2018
300 _a382
650 _aBusiness Analytics
942 _2ddc
_cREF